|
|
|
|
| LEADER |
00000nab a2200000 a 4500 |
| 001 |
vtls010720652 |
| 003 |
SK-MaSNL |
| 005 |
20260304191355.0 |
| 008 |
250709s xo |||||||||||||||||slo| |
| 035 |
|
|
|a (urnnbn)urn:nbn:sk:snk:ar-a04r6p
|
| 035 |
|
|
|a (uuid)ca120f55-5f48-4860-baee-9e0fcc38eafc
|
| 035 |
|
|
|a urn:nbn:sk:snk-ab3lod
|
| 040 |
|
|
|a SNKBUCL
|b slo
|c SNKBUCL
|e AACR2
|
| 041 |
0 |
|
|a cze
|
| 044 |
|
|
|a xo
|c SK
|
| 100 |
1 |
|
|a Petrů
|4 aut
|9 1523942
|
| 245 |
1 |
0 |
|a Organizace práce na malotřídní zvláštni škole ve Velkém Březně
|c Petrů
|
| 773 |
0 |
|
|t Otázky defektológie : časopis pre teóriu a prax na školách a v zariadeniach pre mládež vyžadujúcu osobitnú starostlivosť
|g Roč. 20, č. 1 (1977-1978), s. 39-40
|
| 850 |
|
|
|a Slovenská národná knižnica
|
| 852 |
|
|
|a Slovenská národná knižnica
|
| 958 |
|
|
|a article1
|
| 958 |
|
|
|a OND
|
| 958 |
|
|
|a EUIPO
|
| 999 |
|
|
|c 3053721
|d 3055651
|